000 00430nam a2200181Ia 4500
001 2605
005 20260306144819.0
008 260306t2020||||xx |||||||||||||| ||spa||
041 _aESP
082 _a617
_bB85 V. 2
100 _aBrunicardi, F. Charles,
_eAUT
245 0 _aPrincipios de cirugĂ­a
260 _c2020
300 _avarias paginaciones :
_c28 cm.
650 _aGEN
654 _aCCS
942 _cLIB
_dJUS
_fJUS
_2ddc
_n
999 _c2605
_d2605